=LDR 00000nam 2200000 4500 =001 INLIS000000000043266 =005 20131008103019 =008 ************************************* =035 ##$$0010-101300000001188 =245 ##$$a Rahasia dibalik materi =260 ##$$a 2002 $b Jakarta =300 ##$$a 1 VCD, 4 3/4 inc =850 ##$$a NBPNMAT